000 00388nam a2200145Ia 4500
008 230917s9999||||xx |||||||||||||| ||und||
040 _e72684
_aMAIN
041 _aEnglish
082 _a658.072 A97R
100 _aArya, P P
245 0 _aResearch methodology in management: Theory and case studies
260 _aNew Delhi
_bDeep and Deep
_c2001
300 _axiii, 650 p.
942 _cBK
999 _c112310
_d112310